000 01390cam a2200361 i 4500
001 20512032
003 EG-ScBUE
005 20211216150312.0
008 180524t2019 txua f b 001 0 eng d
020 _a9781613996935
040 _aDLC
_beng
_erda
_cDLC
_dEG-ScBUE
082 0 4 _a622.3382
_bERT
_222
100 1 _aErtekin, Turgay,
_eauthor.
245 1 0 _aReservoir simulation :
_bproblems and solutions /
_cTurgay Ertekin, Qian Sun, Jian Zhang.
264 1 _aTexas, USA :
_bSociety of Petroleum Engineers,
_c[2019]
264 4 _cc2019
300 _axi, 607 pages :
_billustrations ;
_c25 cm
336 _atext
_btxt
_2rdacontent
337 _aunmediated
_bn
_2rdamedia
338 _avolume
_bnc
_2rdacarrier
504 _aIncludes bibliographical references and index.
650 7 _aPetroleum engineering
_xMathematical models.
_2BUEsh
650 7 _aOil reservoir engineering
_xMathematical models.
_2BUEsh
650 7 _aOil reservoir engineering
_xAnalysis.
_2BUEsh
650 7 _aPetroleum engineering
_xAnalysis.
_2BUEsh
653 _bENGPET
_cDecember2021
655 _vReading book
_934232
700 1 _aSun, Qian,‏
_d1977 September 9-
_eauthor.
700 1 _aZhang, Jian,‏
_d1853-1926,
_eauthor.
906 _a7
_bcbc
_corignew
_d2
_eepcn
_f20
_gy-gencatlg
942 _2ddc
_cBB
999 _c29723
_d29694